№ 17; Изобретения. Полезные модели

Библиографические подробности
Источник:Изобретения. Полезные модели: бюллетень/ Федеральный институт промышленной собственности (ФИПС, Роспатент). № 17.— , 2000-2012.— 1683-2019
Язык:русский
Опубликовано: 2012
Формат: Книга
Запись в KOHA:https://koha.lib.tpu.ru/cgi-bin/koha/opac-detail.pl?biblionumber=479334

MARC

LEADER 00000nam2a2200000 4500
001 479334
005 20250404141904.0
035 |a (RuTPU)RU\TPU\prd\146211 
090 |a 479334 
100 |a 20120710a20129999k y0rusy50 ca 
101 0 |a rus 
102 |a RU 
200 0 |a № 17 
210 |d 2012 
461 1 |0 (RuTPU)RU\TPU\prd\43181  |x 1683-2019  |t Изобретения. Полезные модели  |o бюллетень  |f Федеральный институт промышленной собственности (ФИПС, Роспатент)  |v № 17  |d 2000-2012 
801 0 |a RU  |b 63413507  |c 20010227  |g PSBO 
801 1 |a RU  |b 63413507  |c 20120710 
801 2 |a RU  |b 63413507  |c 20151030  |g RCR 
942 |c CR